01002cam a2200169K 450008200200000010000380002024500700005826000290012830000820015750503320023952600370057165000130060885600650062194200120068699900190069895201150071704a954.031bSIEcD1 aSieveking, Isabel Giberne.95038812aA turning point in the Indian mutinycby I. Giberne Sieveking ... aLondon,bD. Nutt,c1910. a1 online resource (3 p. l., [v]-vii p., 2 l., 226 p.)bplates, ports.c22 cm.0 aA turning point in the Indian mutiny.--The siege of Arrah.--The relief that failed.--The relief that succeeded.--Herwald Wake: the man who held the fort at Arrah.--Koer Singh is hunted to his jungle stronghold.--The magistrate of Ghazipur; and how he helped forward the relief of Arrah.--Letters from John Nicholson and others. a0b0c0d954_031000000000000_SIE aMCE937940uhttp://catalog.hathitrust.org/api/volumes/oclc/13203015.html 2ddccBK c553120d553120 00102ddc4070aMCEbMCEcArchive Sectiond2015-01-29l0o954.031 SIEpMCE-ECT-15r2015-01-29w2015-01-29yBK